| 000 | 01083nam a2200301Ia 4500 | ||
|---|---|---|---|
| 001 | Para_9465 | ||
| 003 | CHAP | ||
| 008 | 220125s2008 xx 000 0 und d | ||
| 010 | _a205842 | ||
| 040 | _cCHAP | ||
| 090 | _aTESIS 2177 | ||
| 100 |
_aCruz Huerta, Arturo _929444 |
||
| 245 |
_aTolerancia en diferentes estados fenológicos del frijol ayocote (Phaseolus coccineus L.), al herbicida glifosato estimada en Chapingo, México / _c por Arturo Cruz Huerta |
||
| 260 |
_aChapingo, Méx. : _b el autor |
||
| 300 | _a34 h. | ||
| 502 | _aTesis (Ing. Agr. Esp. en Parasitología Agrícola) -- UACh. Departamento Parasitología Agrícola | ||
| 650 |
_aFrijol _x variedades resistentes a herbicidas _9171965 |
||
| 650 |
_aMalas hierbas _x control _970011 |
||
| 650 |
_aMalas hierbas _x resistencia a herbicidas |
||
| 710 |
_aUACh. Departamento de Parasitología Agrícola _9115877 |
||
| 901 | _aTESIS 2177 | ||
| 902 | _aM | ||
| 905 | _a0000002008 an 0000000000 00 | ||
| 910 | _a2008 | ||
| 942 | _cPARA | ||
| 942 |
_cPARA _d2 |
||
| 999 |
_c205842 _d205842 |
||